The Beatles First and Last Songs on Each UK LP - Statistics

General Stats
  • This quiz has been taken 19 times
  • The average score is 21 of 24
Answer Stats
Hint Answer % Correct
Sgt Pepper's Last Song A day in the life
100%
A Hard Day's Night 1st Song A Hard Day's Night
100%
Abbey Road 1st Song Come together
100%
Rubber Soul 1st Song Drive my car
100%
Help 1st Song Help
100%
Sgt Pepper's 1st Song Sgt Pepper's Lonely Hearts Club Band
100%
Yellow Submarine 1st Song Yellow Submarine
100%
The Beatles 1st Song Back in the USSR
94%
Let it be Last Song Get Back
94%
Abbey Road Last Song Her Majesty
94%
Please Please Me 1st Song I saw her standing there
94%
Revolver 1st Song Taxman
94%
Revolver Last Song Tomorrow never knows
94%
Please Please Me Last Song Twist and Shout
94%
The Beatles Last Song Goodnight
88%
Rubber Soul Last Song Run for your life
88%
Let it be 1st Song Two of us
88%
Help Last Song Dizzy Miss Lizzy
75%
A Hard Day's Night Last Song I'll be back
75%
Beatles For Sale No Reply
75%
Yellow Submarine Last Song* All you need is love
69%
With the Beatles 1st Song It won't be long
69%
Beatles For Sale Everybody's trying to be my baby
50%
With the Beatles Last Song Money (That's what I want)
50%
No matching quizzes found
Score Distribution
Percent of People with Each Score
Percentile by Number Answered
Your Score History
You have not taken this quiz